000
00324nam a2200133Ia 4500
005
20251222144640.0
008
251222s9999||||xx |||||||||||||| ||spa||
020
_a
84-322-2019-1
082
_a
868.6/T72
100
_a
Torrente Ballester, Gonzalo
245
0
_a
Las sombras recobradas
264
_b
Seix Barral
942
_c
LIB
999
_c
16631
_d
16631